Europa y los nuevos mundos: siglos XV-XVIII

Saved in:
Bibliografiske detaljer
Main Authors: Martínez Shaw, Carlos (autor), Alfonso Mola, Marina Dolores (Author)
Format: Bog
Sprog:spansk
Udgivet: Madrid Síntesis 1999
Serier:Historia Universal Moderna, 3
Fag:
Tags: Tilføj Tag
Ingen Tags, Vær først til at tagge denne postø!

MARC

LEADER 00000nam a2200000 a 4500
001 UCM9067
003 CL-VaPUC
008 030411e19990000SP |||||||||||||||||spa|d
082 0 4 |a 940.2  |b MAR  |2 21 
100 |a Martínez Shaw, Carlos  |e autor  |9 475429 
700 0 |a Alfonso Mola, Marina Dolores  |e author  |9 475430 
245 1 0 |a Europa y los nuevos mundos: siglos XV-XVIII 
300 |a 222 p 
942 |c BK 
945 |d 20030411 00:00:00  |a vberengu 
260 |a Madrid  |b Síntesis  |c 1999 
650 0 |a Historia de Europa  |9 392003 
650 7 |a COLONIZACION EUROPEA  |2 CL-VaPUC  |9 437452 
583 |a last modification  |c 20190726 10:34:09  |k Rodrigo Vera 
490 0 |a Historia Universal Moderna, 3 
999 |c 303446  |d 303444 
952 |0 0  |1 0  |4 0  |6 940_200000000000000_MAR_1999  |7 0  |8 A  |9 364750  |a BIBHIS  |b BIBHIS  |d 2019-11-21  |i 3887111  |o 940.2 MAR 1999  |p 3887111  |r 2025-01-20  |w 2019-11-21  |y BK  |k HIS